| 000 | 00376nam a2200145Ia 4500 | ||
|---|---|---|---|
| 008 | 231129s2004||||xx |||||||||||||| ||spa|| | ||
| 020 | _a958-04-6886-9 | ||
| 040 | _bspa | ||
| 082 | _a(i) 808.068543 E13t | ||
| 100 | _aEast Jacqueline | ||
| 245 | 0 | _aTengo miedo de la oscuridad | |
| 260 | _c2004 | ||
| 264 | _aNorma | ||
| 942 |
_2ddc _cBKS |
||
| 999 |
_c25178 _d25178 |
||